Zmluvná pokuta a úroky z omeškania

Právna úprava zmluvnej pokuty. Povinné náležitosti platného dojednania zmluvnej pokuty. Súbeh zmluvnej pokuty a náhrady škody. "Zneužitie" inštitútu zmluvnej pokuty. Primeranosť výšky zmluvnej pokuty. Porovnanie zmluvnej pokuty s odstúpením od zmluvy a odstupným. Úroky z omeškania v kontexte so zmlu...

Full description

Saved in:
Bibliographic Details
Main Author: Bystrická, Katarína
Format: Book Chapter
Language:Slovak
Subjects:
Tags: Add Tag
No Tags, Be the first to tag this record!

MARC

LEADER 00000naa a2200000 4500
001 0165439
005 20231005092303.2
041 0 |a slo 
044 |a SK 
245 1 0 |a Zmluvná pokuta a úroky z omeškania  |c Katarína Bystrická 
520 |a Právna úprava zmluvnej pokuty. Povinné náležitosti platného dojednania zmluvnej pokuty. Súbeh zmluvnej pokuty a náhrady škody. "Zneužitie" inštitútu zmluvnej pokuty. Primeranosť výšky zmluvnej pokuty. Porovnanie zmluvnej pokuty s odstúpením od zmluvy a odstupným. Úroky z omeškania v kontexte so zmluvnou pokutou. 
610 2 0 |a pokuty 
610 2 0 |a zmluvy 
610 2 0 |a zákonník občiansky 
610 2 0 |a zákonník obchodný 
610 2 0 |a náhrada škody 
610 2 0 |a úrok z omeškania 
610 2 0 |a vzťahy obchodné záväzkové 
100 1 |a Bystrická, Katarína